[Event "4NCL Online Division 5"]
[Site "online"]
[Date "2021.04.06"]
[EventDate "2021.04.06"]
[Round "6.164"]
[White "Hasan, Abu"]
[WhiteElo "1376"]
[WhiteTeam "Uxbridge Destroyers"]
[Black "Willoughby, Charlotte"]
[BlackElo "1667"]
[BlackTeam "Brentwood B"]
[Result "0-1"]
[PlyCount "136"]

1. e4 c5 2. Nf3 Nc6 3. Nc3 a6 4. d4 cxd4 5. Nxd4 e6 6. Nxc6 bxc6 7. Be2 Bc5 8. Bf4 Ne7 9. Bd6 Bxd6 10. Qxd6 O-O 11. Bd3 Ng6 12. Qg3 Qb6 13. b3 Qd4 14. Be2 Nf4 15. Rd1 Nxe2 16. Rxd4 Nxg3 17. hxg3 d5 18. e5 h6 19. Rg4 Kh7 20. Ne2 f6 21. Nf4 fxe5 22. Nh5 g6 23. Nf4 exf4 24. Rxf4 Rxf4 25. gxf4 Bb7 26. g3 Re8 27. Kd2 e5 28. Re1 e4 29. f3 Kg7 30. Kc3 Kf6 31. fxe4 dxe4 32. Kd4 Kf5 33. c4 Rd8+ 34. Kc5 g5 35. Kb6 Rd7 36. fxg5 hxg5 37. g4+ Kf4 38. Rf1+ Kxg4 39. Rg1+ Kf3 40. Rf1+ Ke2 41. Rf5 e3 42. Rxg5 Kd2 43. Re5 e2 44. b4 e1=Q 45. Rxe1 Kxe1 46. a4 Kd2 47. c5 Kc3 48. b5 axb5 49. axb5 cxb5 50. Kxb5 Bf3 51. c6 Bxc6+ 52. Kxc6 Rd4 53. Kc5 Kd3 54. Kc6 Ke4 55. Kc5 Rd1 56. Kc4 Rc1+ 57. Kb3 Kd3 58. Kb4 Rc2 59. Kb5 Kd4 60. Kb6 Kd5 61. Kb5 Rb2+ 62. Ka4 Kc5 63. Ka3 Rb8 64. Ka2 Kc4 65. Ka3 Rb7 66. Ka2 Kc3 67. Ka1 Kc2 68. Ka2 Ra7# 0-1

[Event "4NCL Online Division 5"]
[Site "online"]
[Date "2021.04.20"]
[EventDate "2021.04.20"]
[Round "7.11"]
[White "Povah, Nigel E"]
[WhiteTitle "IM"]
[WhiteElo "2280"]
[WhiteTeam "Guildford Castles 1"]
[Black "Roderick, Andrew"]
[BlackElo "1828"]
[BlackTeam "Welwyn Hatfield"]
[Result "1-0"]
[PlyCount "83"]

1. d4 e6 2. Bf4 f5 3. Nf3 Nf6 4. e3 Bb4+ 5. c3 Ba5 6. Nbd2 O-O 7. Bd3 d6 8. Nc4 Bb6 9. a4 d5 10. Nce5 a5 11. h3 Nbd7 12. g4 Nxe5 13. Nxe5 c6 14. Qe2 Bc7 15. O-O-O Bxe5 16. Bxe5 Qd7 17. Rdg1 c5 18. Bc2 c4 19. gxf5 exf5 20. Rg5 Qe8 21. Rhg1 g6 22. f3 Kf7 23. h4 Bd7 24. h5 Rg8 25. hxg6+ hxg6 26. e4 Bxa4 27. exf5 Bxc2 28. Qxc2 gxf5 29. Qxf5 Qe6 30. Qxf6+ Qxf6 31. Bxf6 Rxg5 32. Bxg5 b5 33. Re1 Re8 34. Rxe8 Kxe8 35. f4 Kf7 36. f5 b4 37. cxb4 axb4 38. Kc2 b3+ 39. Kc3 Ke8 40. Kb4 Kd7 41. Bd2 Kd6 42. Kb5 1-0

[Event "4NCL Online Division 5"]
[Site "online"]
[Date "2021.04.20"]
[EventDate "2021.04.20"]
[Round "7.12"]
[White "White, David"]
[WhiteElo "1775"]
[WhiteTeam "Welwyn Hatfield"]
[Black "Punnett, Alan K"]
[BlackElo "2096"]
[BlackTeam "Guildford Castles 1"]
[Result "0-1"]
[PlyCount "152"]

1. e4 e6 2. d4 d5 3. Nc3 Nf6 4. Bg5 dxe4 5. Nxe4 Be7 6. Nxf6+ Bxf6 7. Bxf6 Qxf6 8. Nf3 O-O 9. Qd2 c5 10. O-O-O Rd8 11. Qc3 cxd4 12. Rxd4 Rxd4 13. Qxd4 Qxd4 14. Nxd4 a6 15. g3 e5 16. Nb3 Nc6 17. Bg2 Kf8 18. c3 Rb8 19. Rd1 Ke7 20. Re1 Kd6 21. Rd1+ Kc7 22. Nc5 Bg4 23. f3 Bf5 24. g4 Bc8 25. h3 h6 26. Ne4 Be6 27. b3 Rd8 28. Rxd8 Nxd8 29. Nc5 Bd5 30. Kd2 a5 31. Ke3 b6 32. Ne4 Ne6 33. Bf1 a4 34. Nd2 Nf4 35. c4 Bc6 36. Ne4 axb3 37. axb3 Ne6 38. Nd2 Kd6 39. Bd3 Nf4 40. Bf1 Kc5 41. h4 Kb4 42. h5 f6 43. Be2 Nxe2 44. Kxe2 Kc3 45. Ke3 Bb7 46. Ke2 Kd4 47. b4 Bc6 48. b5 Bb7 49. Kf2 Kd3 50. Ke1 Ke3 51. Kd1 Bc8 52. Kc2 Kd4 53. Kb3 f5 54. Kb4 fxg4 55. Nb3+ Ke3 56. fxg4 Bxg4 57. c5 bxc5+ 58. Nxc5 Bxh5 59. Nd7 Kd4 60. Nc5 Bf3 61. Ne6+ Kd3 62. b6 g5 63. Kc5 g4 64. Nc7 g3 65. Nd5 Bxd5 66. Kxd5 g2 67. b7 g1=Q 68. b8=Q Qd4+ 69. Ke6 e4 70. Qb1+ Ke2 71. Qc2+ Kf3 72. Qb3+ Qd3 73. Qb7 Kf2 74. Qa7+ e3 75. Qf7+ Ke1 76. Qf1+ Qxf1 0-1

[Event "4NCL Online Division 5"]
[Site "online"]
[Date "2021.04.20"]
[EventDate "2021.04.20"]
[Round "7.13"]
[White "Young, Craig A"]
[WhiteElo "2049"]
[WhiteTeam "Guildford Castles 1"]
[Black "Smith, Andrew PE"]
[BlackElo "1727"]
[BlackTeam "Welwyn Hatfield"]
[Result "1-0"]
[PlyCount "95"]

1. d4 e6 2. Nf3 f5 3. Nc3 Nf6 4. Bg5 Bb4 5. e3 O-O 6. a3 Bxc3+ 7. bxc3 b6 8. c4 h6 9. Bxf6 Qxf6 10. Be2 Bb7 11. O-O d6 12. a4 a5 13. c5 bxc5 14. Rb1 Bc6 15. dxc5 dxc5 16. Bb5 Be4 17. Nd2 Bd5 18. Qe2 Rd8 19. Rfd1 Bc6 20. Nb3 Bxb5 21. Qxb5 Na6 22. Nxa5 Nb4 23. Qxc5 Rxd1+ 24. Rxd1 Nxc2 25. Nc6 Na1 26. a5 Nb3 27. Qb4 Qb2 28. Qe7 Qc2 29. Qxe6+ Kh8 30. Rf1 Nd2 31. Nd4 Qd3 32. Re1 Rxa5 33. h3 Ne4 34. Nxf5 Qd2 35. Rf1 Ng5 36. Qe8+ Kh7 37. Ne7 Qa2 38. h4 Ne4 39. Qg6+ Kh8 40. Qxe4 Ra4 41. Ng6+ Kg8 42. Qe8+ Kh7 43. Nf8+ Kg8 44. Ng6+ Kh7 45. h5 Ra8 46. Qe4 Kg8 47. Rd1 Qa5 48. Qd5+ 1-0

[Event "4NCL Online Division 5"]
[Site "online"]
[Date "2021.04.20"]
[EventDate "2021.04.20"]
[Round "7.14"]
[White "Elder, Kidge"]
[WhiteElo "1542"]
[WhiteTeam "Welwyn Hatfield"]
[Black "White, Nigel"]
[BlackElo "2084"]
[BlackTeam "Guildford Castles 1"]
[Result "0-1"]
[PlyCount "129"]

1. d4 Nf6 2. c4 g6 3. Nc3 Bg7 4. e3 d6 5. Bd3 Nbd7 6. Nf3 O-O 7. O-O e5 8. dxe5 dxe5 9. e4 c6 10. b3 Re8 11. Bb2 Qc7 12. b4 Nh5 13. Re1 Nf8 14. Qc2 Bg4 15. Nd2 Rad8 16. h3 Bc8 17. Nf3 Nf4 18. Bf1 N8e6 19. Ne2 Nd3 20. Red1 Nxb4 21. Qc3 c5 22. a3 Nc6 23. Qe3 Ned4 24. Nc3 Nc2 25. Qxc5 Nxa1 26. Nd5 Qa5 27. Qxa5 Nxa5 28. Bxa1 b6 29. Bc3 Nb3 30. Bb4 Bb7 31. Rd3 Nd4 32. Nd2 f5 33. f3 Kf7 34. Nc7 Rh8 35. a4 Rc8 36. Nd5 Bxd5 37. cxd5 Rhd8 38. Kf2 Bf8 39. Bxf8 Kxf8 40. g4 Rc2 41. g5 Ke7 42. Ke3 Rdc8 43. h4 R8c3 44. exf5 Nxf5+ 45. Ke4 Rxd3 46. Kxd3 Ra2 47. Nc4 Rxa4 48. Nxe5 Nxh4 49. Bh3 Kd6 50. Be6 0-1

[Event "4NCL Online Division 5"]
[Site "online"]
[Date "2021.04.20"]
[EventDate "2021.04.20"]
[Round "7.21"]
[White "Price, Michael C"]
[WhiteElo "1739"]
[WhiteTeam "Uxbridge Bulldogs"]
[Black "Bajpayee, Yayin"]
[BlackElo "1095"]
[BlackTeam "Watford Juniors B"]
[Result "1-0"]
[PlyCount "54"]

1. e4 c5 2. Nf3 d6 3. d4 cxd4 4. Nxd4 Nf6 5. Nc3 a6 6. Be2 e5 7. Nb3 Be7 8. O-O O-O 9. Kh1 Be6 10. f4 exf4 11. Bxf4 Nc6 12. Be3 Qc7 13. Rc1 Rad8 14. Nd5 Bxd5 15. exd5 Nb4 16. c4 Nxa2 17. Ra1 Nb4 18. Bd2 a5 19. Nxa5 Na6 20. b4 Nb8 21. Be3 b6 22. Nb3 Nbd7 23. Nd4 Qb8 24. Nc6 Qc7 25. Ra7 Qc8 26. Nxe7+ Kh8 27. Nxc8 Rxc8 1-0

[Event "4NCL Online Division 5"]
[Site "online"]
[Date "2021.04.20"]
[EventDate "2021.04.20"]
[Round "7.22"]
[White "Holland, Nicolas"]
[WhiteElo "1103"]
[WhiteTeam "Watford Juniors B"]
[Black "Knight, David"]
[BlackElo "1671"]
[BlackTeam "Uxbridge Bulldogs"]
[Result "0-1"]
[PlyCount "54"]

1. e4 e6 2. Nf3 d5 3. e5 c5 4. d4 cxd4 5. Nxd4 Nc6 6. Nxc6 bxc6 7. f4 Ne7 8. Nc3 Nf5 9. g3 Bb4 10. Bd2 Rb8 11. a3 Bxc3 12. Bxc3 d4 13. Bb4 a5 14. Bc5 Qd5 15. Rg1 Qxc5 16. Qd3 Rxb2 17. Qe4 Qc3+ 18. Kf2 Rxc2+ 19. Be2 Ba6 20. Rge1 Bxe2 21. Rxe2 Rxe2+ 22. Qxe2 Qxa1 23. Qa6 Qb2+ 24. Kf1 Ne3+ 25. Ke1 Qc3+ 26. Ke2 Qc2+ 27. Kf3 Qg2# 0-1

[Event "4NCL Online Division 5"]
[Site "online"]
[Date "2021.04.20"]
[EventDate "2021.04.20"]
[Round "7.23"]
[White "Knight, Daniel"]
[WhiteElo "1663"]
[WhiteTeam "Uxbridge Bulldogs"]
[Black "Khandelwal, Akshaj"]
[BlackElo "1083"]
[BlackTeam "Watford Juniors B"]
[Result "1-0"]
[PlyCount "57"]

1. d4 d5 2. Nf3 Nf6 3. Nc3 Bf5 4. Bg5 e6 5. a3 Nc6 6. e3 Bd6 7. Be2 O-O 8. Nh4 h6 9. Bxf6 Qxf6 10. Nxf5 Qxf5 11. O-O Qf6 12. f4 Qh4 13. Nb5 f6 14. g3 Qh3 15. Bg4 Qxg4 16. Qxg4 f5 17. Qe2 a6 18. Nxd6 cxd6 19. c4 e5 20. cxd5 Ne7 21. Rac1 exd4 22. exd4 Nxd5 23. Qc4 Kh8 24. Qxd5 g5 25. fxg5 hxg5 26. Rxf5 Rxf5 27. Qxf5 Rg8 28. Rc7 b5 29. Qh7# 1-0

[Event "4NCL Online Division 5"]
[Site "online"]
[Date "2021.04.20"]
[EventDate "2021.04.20"]
[Round "7.24"]
[White "Shah, Prem C"]
[WhiteElo "1075"]
[WhiteTeam "Watford Juniors B"]
[Black "Jayaprakash, Shravan"]
[BlackElo "1607"]
[BlackTeam "Uxbridge Bulldogs"]
[Result "1-0"]
[PlyCount "31"]

1. e4 e5 2. Nf3 Nc6 3. Bb5 Nf6 4. Nc3 d6 5. O-O Bg4 6. d3 Bxf3 7. Qxf3 Qd7 8. Bg5 Be7 9. Bxf6 Bxf6 10. Nd5 a6 11. Bxc6 Qxc6 12. Nxf6+ gxf6 13. Qxf6 O-O 14. Rfe1 Qxc2 15. Re3 Qxb2 16. Rg3# 1-0

[Event "4NCL Online Division 5"]
[Site "online"]
[Date "2021.04.20"]
[EventDate "2021.04.20"]
[Round "7.31"]
[White "Murphy, Conor E"]
[WhiteTitle "FM"]
[WhiteElo "2396"]
[WhiteTeam "Charlton Cobras A"]
[Black "Walker, David N"]
[BlackElo "1946"]
[BlackTeam "Harborough Cuatro 1"]
[Result "1-0"]
[PlyCount "63"]

1. e4 e6 2. d4 d5 3. Nd2 Nf6 4. e5 Nfd7 5. Bd3 c5 6. c3 Nc6 7. Ne2 cxd4 8. cxd4 f6 9. exf6 Nxf6 10. O-O Bd6 11. Nf3 O-O 12. Bf4 Bxf4 13. Nxf4 Ng4 14. Qd2 e5 15. dxe5 Ngxe5 16. Nxe5 Nxe5 17. Nxd5 Bf5 18. Bxf5 Rxf5 19. Rad1 Qh4 20. Qd4 Qxd4 21. Rxd4 Kf7 22. Ne3 Rf6 23. f4 Nc6 24. Rd7+ Kg8 25. Rxb7 Rd8 26. g3 Re6 27. Nf5 Rd2 28. Rf2 Rd1+ 29. Kg2 Kf8 30. Nxg7 Ree1 31. f5 Rg1+ 32. Kh3 1-0

[Event "4NCL Online Division 5"]
[Site "online"]
[Date "2021.04.20"]
[EventDate "2021.04.20"]
[Round "7.32"]
[White "Redding, Jonathan"]
[WhiteElo "1854"]
[WhiteTeam "Harborough Cuatro 1"]
[Black "Stebbings, Anthony J"]
[BlackTitle "FM"]
[BlackElo "2240"]
[BlackTeam "Charlton Cobras A"]
[Result "0-1"]
[PlyCount "142"]

1. d4 Nf6 2. Bf4 g6 3. Nc3 d5 4. e3 Bg7 5. h4 c6 6. h5 Nxh5 7. Rxh5 gxh5 8. Qxh5 Be6 9. Nf3 Nd7 10. Ng5 Nf6 11. Nxe6 Nxh5 12. Nxd8 Rxd8 13. Bh2 O-O 14. Be2 Nf6 15. O-O-O Nd7 16. f4 e6 17. Rh1 c5 18. Bg1 cxd4 19. exd4 Nb8 20. Bd3 f5 21. Ne2 Nc6 22. c3 Ne7 23. Ng3 Nc8 24. Nf1 Nd6 25. Nd2 Rf6 26. Bf2 Rh6 27. Rxh6 Bxh6 28. g3 Ne4 29. Nxe4 fxe4 30. Be2 Kf7 31. Kc2 Rg8 32. Kd2 Rc8 33. Be3 Ke7 34. g4 Rf8 35. g5 Bg7 36. a3 Kd6 37. a4 Rc8 38. Bf2 Kd7 39. Bg4 Rf8 40. Bg3 Rf7 41. Bh5 Re7 42. Bg4 Bf8 43. Ke3 Rg7 44. Bh5 Bd6 45. Bg4 h6 46. Bh4 hxg5 47. Bxg5 Be7 48. Bxe7 Kxe7 49. Bd1 Rg3+ 50. Kf2 Rd3 51. Ke2 Rf3 52. Kd2 Rxf4 53. Ke3 Rf1 54. Ke2 Rg1 55. b3 Kf6 56. c4 Kf5 57. c5 Kf4 58. b4 Rg3 59. b5 Rd3 60. c6 bxc6 61. bxc6 Rc3 62. Kd2 Rxc6 63. Be2 Rb6 64. Kc3 Ke3 65. Bb5 Kf2 66. Kb4 e3 67. a5 Rb8 68. Kc5 e2 69. Bxe2 Kxe2 70. Kd6 Rb4 71. Kc5 Rc4+ 0-1

[Event "4NCL Online Division 5"]
[Site "online"]
[Date "2021.04.20"]
[EventDate "2021.04.20"]
[Round "7.34"]
[White "Garland, Michael A jnr"]
[WhiteElo "1692"]
[WhiteTeam "Harborough Cuatro 1"]
[Black "Jakhria, Kushal"]
[BlackElo "1723"]
[BlackTeam "Charlton Cobras A"]
[Result "1/2-1/2"]
[PlyCount "92"]

1. e4 c5 2. f4 d5 3. exd5 Nf6 4. Nc3 Nxd5 5. Nxd5 Qxd5 6. Nf3 Nc6 7. d3 g6 8. Be2 Bg7 9. O-O O-O 10. c3 Rd8 11. Qb3 Bf5 12. Qxd5 Rxd5 13. Be3 b6 14. Rad1 Rad8 15. d4 cxd4 16. cxd4 Nxd4 17. Nxd4 Bxd4 18. Bxd4 Rxd4 19. g3 R8d7 20. g4 Bd3 21. Bxd3 Rxd3 22. Rxd3 Rxd3 23. Rf2 Kg7 24. Kg2 e6 25. g5 f6 26. h4 a5 27. Rf3 Rd2+ 28. Rf2 Rd4 29. Kg3 Rd3+ 30. Rf3 Rd2 31. Rf2 Rd4 32. Rf3 b5 33. Rc3 fxg5 34. hxg5 Rd7 35. Rc5 Rb7 36. Kf3 Kf7 37. Ke4 Ke7 38. Ke5 Kd7 39. Kf6 Kd6 40. Re5 Kd7 41. Rxe6 Kd8 42. Rd6+ Ke8 43. Re6+ Kf8 44. Rc6 Rf7+ 45. Ke5 Re7+ 46. Re6 Rc7 1/2-1/2

[Event "4NCL Online Division 5"]
[Site "online"]
[Date "2021.04.20"]
[EventDate "2021.04.20"]
[Round "7.41"]
[White "Liu, Jason"]
[WhiteElo "1361"]
[WhiteTeam "BCC Penguins"]
[Black "Kumar, Sanjit S"]
[BlackElo "1696"]
[BlackTeam "KCJS 1"]
[Result "1-0"]
[PlyCount "47"]

1. e4 e5 2. Nf3 Nc6 3. Bc4 Bc5 4. O-O Nf6 5. d4 Bxd4 6. Nxd4 Nxd4 7. Bg5 Ne6 8. Bxe6 fxe6 9. f4 exf4 10. e5 h6 11. exf6 hxg5 12. fxg7 Rg8 13. Qh5+ Ke7 14. Qxg5+ Ke8 15. Qg6+ Ke7 16. Rxf4 Qe8 17. Qf6+ Kd6 18. Rd4+ Kc6 19. Qf3+ d5 20. c4 Qd8 21. Nc3 Rxg7 22. cxd5+ exd5 23. Nxd5 Bg4 24. Qc3+ 1-0

[Event "4NCL Online Division 5"]
[Site "online"]
[Date "2021.04.20"]
[EventDate "2021.04.20"]
[Round "7.42"]
[White "Patel, Sen"]
[WhiteElo "1620"]
[WhiteTeam "KCJS 1"]
[Black "Liu, Benjamin"]
[BlackElo "896"]
[BlackTeam "BCC Penguins"]
[Result "1-0"]
[PlyCount "53"]

1. e4 c6 2. d4 d5 3. e5 Bf5 4. Bd3 Bxd3 5. Qxd3 e6 6. Nf3 c5 7. c3 Nc6 8. Be3 Qb6 9. Qc2 cxd4 10. Nxd4 Bc5 11. Nxc6 Bxe3 12. Nb4 Bxf2+ 13. Qxf2 Qc7 14. O-O Ne7 15. Qxf7+ Kd7 16. Nd2 Qc5+ 17. Kh1 Qe3 18. Nb3 g5 19. Nd4 Qxe5 20. Rae1 Qd6 21. Rxe6 Qc5 22. Nd3 Qc7 23. Rxe7+ Kd8 24. Ne6+ Kc8 25. Rxc7+ Kb8 26. Rxb7+ Kc8 27. Qc7# 1-0

[Event "4NCL Online Division 5"]
[Site "online"]
[Date "2021.04.20"]
[EventDate "2021.04.20"]
[Round "7.43"]
[White "Bell, Euan"]
[WhiteElo "673"]
[WhiteTeam "BCC Penguins"]
[Black "Soulier, Alfred"]
[BlackElo "1624"]
[BlackTeam "KCJS 1"]
[Result "0-1"]
[PlyCount "96"]

1. e4 c5 2. Nc3 Nc6 3. Nf3 e6 4. d4 cxd4 5. Nxd4 a6 6. Be2 d6 7. Nxc6 bxc6 8. O-O Nf6 9. Bg5 Be7 10. f3 O-O 11. Qd4 Qc7 12. Na4 Rd8 13. Qb6 Qb7 14. Qxb7 Bxb7 15. f4 h6 16. Bh4 Rac8 17. e5 dxe5 18. fxe5 Nd5 19. Bxe7 Nxe7 20. Rad1 Rxd1 21. Rxd1 Nd5 22. Nc5 Rc7 23. Nxb7 Rxb7 24. Bxa6 Ra7 25. Bc4 Ne3 26. Rd8+ Kh7 27. Bd3+ g6 28. c4 Rxa2 29. Rd7 Kg7 30. b3 Rd2 31. h3 Rxg2+ 32. Kh1 Rd2 33. c5 Nd1 34. Rd4 Rxd3 35. Rxd3 Nf2+ 36. Kg2 Nxd3 37. h4 Nxc5 38. b4 Nd3 39. Kf3 Nxb4 40. Ke4 f5+ 41. Kf4 c5 42. Ke3 c4 43. Kd4 f4 44. Kxc4 f3 45. Kxb4 f2 46. Kc5 f1=Q 47. Kd6 Qf5 48. h5 gxh5 0-1

[Event "4NCL Online Division 5"]
[Site "online"]
[Date "2021.04.20"]
[EventDate "2021.04.20"]
[Round "7.44"]
[White "Patel, Zain"]
[WhiteElo "1444"]
[WhiteTeam "KCJS 1"]
[Black "Florczak, Adam"]
[BlackElo "720"]
[BlackTeam "BCC Penguins"]
[Result "1-0"]
[PlyCount "55"]

1. d4 d5 2. c4 c6 3. cxd5 cxd5 4. Nc3 Nf6 5. Bf4 Nc6 6. e3 Bf5 7. Bb5 e6 8. Qa4 Qd7 9. Nf3 a6 10. Ne5 Qd8 11. Bxc6+ bxc6 12. Qxc6+ Nd7 13. Nxd7 Qxd7 14. Qxa8+ Qd8 15. Qxd8+ Kxd8 16. O-O-O Bb4 17. f3 Bxc3 18. bxc3 Kd7 19. Rhe1 Rb8 20. Bxb8 Ke7 21. e4 dxe4 22. fxe4 Bg4 23. Rd3 f5 24. exf5 Bxf5 25. Rf3 Bg4 26. Rg3 Bf5 27. Rxg7+ Kf6 28. Be5# 1-0

[Event "4NCL Online Division 5"]
[Site "online"]
[Date "2021.04.20"]
[EventDate "2021.04.20"]
[Round "7.51"]
[White "Zhang, Zheming"]
[WhiteElo "2092"]
[WhiteTeam "Forest Hall Juniors"]
[Black "Karthik, Trivikraman"]
[BlackElo "687"]
[BlackTeam "Watford Juniors C"]
[Result "0-1"]
[PlyCount "112"]

1. e4 e5 2. Nf3 Nf6 3. Nxe5 Qe7 4. Nf3 Qxe4+ 5. Be2 Nc6 6. O-O d5 7. Re1 Qb4 8. b3 Be6 9. Bb2 Be7 10. a3 Qb6 11. Nc3 Ne4 12. d4 Nxc3 13. Bxc3 a6 14. Qd2 h6 15. Bd3 O-O 16. h3 Bd6 17. Ne5 Rfd8 18. a4 Nxe5 19. dxe5 Be7 20. Qf4 Qc5 21. Bd4 Qa5 22. Bf5 c5 23. Bxe6 fxe6 24. Be3 Qb4 25. Qg3 Kh7 26. Rad1 Rab8 27. Bd2 Qh4 28. Qd3+ g6 29. Re3 Rf8 30. Rf1 Rbc8 31. Qe2 Bg5 32. Rg3 Bxd2 33. Qxd2 Qf4 34. Qe2 h5 35. Qd3 Rf5 36. Re3 c4 37. bxc4 Qxc4 38. Rb1 Qxc2 39. Rxb7+ Kh6 40. Qxc2 Rxc2 41. f3 Rf4 42. Ra3 Rd4 43. f4 Rxf4 44. Rb6 Rc1+ 45. Kh2 h4 46. Ra2 Rff1 47. g4 Rh1+ 48. Kg2 Rcg1+ 49. Kf2 Rg3 50. Re2 Rgxh3 51. Rxe6 d4 52. Rd6 R1h2+ 53. Ke1 Rh1+ 54. Kd2 Ra3 55. e6 Ra2+ 56. Kd3 Rd1+ 0-1

[Event "4NCL Online Division 5"]
[Site "online"]
[Date "2021.04.20"]
[EventDate "2021.04.20"]
[Round "7.52"]
[White "Bamania, Prayaan"]
[WhiteElo "727"]
[WhiteTeam "Watford Juniors C"]
[Black "French, Morgan"]
[BlackElo "1662"]
[BlackTeam "Forest Hall Juniors"]
[Result "0-1"]
[PlyCount "48"]

1. e4 Nf6 2. Nc3 d5 3. f3 e5 4. d3 d4 5. Nb5 Be7 6. f4 Bd6 7. Nf3 Nc6 8. g3 O-O 9. Nxe5 Bxe5 10. fxe5 Nxe5 11. Nxd4 Qxd4 12. Qe2 Bg4 13. Qg2 Nf3+ 14. Kd1 Nh4+ 15. Ke1 Nxg2+ 16. Bxg2 Rfe8 17. Bg5 Qxb2 18. Kf2 Qxc2+ 19. Ke3 Qe2+ 20. Kd4 Rad8+ 21. Kc4 Qc2+ 22. Kb5 Re5+ 23. Kb4 Rd4+ 24. Ka3 Ra5# 0-1

[Event "4NCL Online Division 5"]
[Site "online"]
[Date "2021.04.20"]
[EventDate "2021.04.20"]
[Round "7.53"]
[White "Johnston, Alexander"]
[WhiteElo "1593"]
[WhiteTeam "Forest Hall Juniors"]
[Black "Balakrishnan, Akshata"]
[BlackElo "656"]
[BlackTeam "Watford Juniors C"]
[Result "1-0"]
[PlyCount "73"]

1. d4 d5 2. c4 dxc4 3. e4 Nc6 4. Nf3 e5 5. d5 Bb4+ 6. Bd2 Nf6 7. dxc6 Bxd2+ 8. Qxd2 Nxe4 9. Qxd8+ Kxd8 10. Nxe5 Re8 11. Nxf7+ Ke7 12. Bxc4 bxc6 13. O-O Ba6 14. Re1 Bxc4 15. Rxe4+ Be6 16. Ng5 Rad8 17. Nc3 h6 18. Nxe6 Rd2 19. Nxc7+ Kd7 20. Nxe8 Rxb2 21. Rd1+ Kc8 22. Nd6+ Kc7 23. Re7+ Kd8 24. Nc4+ Kxe7 25. Nxb2 g5 26. g3 c5 27. f4 gxf4 28. gxf4 a6 29. Kf2 c4 30. Nxc4 h5 31. Kf3 h4 32. Ke4 Kf6 33. Rd6+ Kg7 34. Kf5 h3 35. Rd7+ Kh6 36. Ne4 Kh5 37. Rh7# 1-0

[Event "4NCL Online Division 5"]
[Site "online"]
[Date "2021.04.20"]
[EventDate "2021.04.20"]
[Round "7.54"]
[White "Naren, Riyanna"]
[WhiteElo "630"]
[WhiteTeam "Watford Juniors C"]
[Black "Amoako Philip Selikem Yao"]
[BlackElo "1453"]
[BlackTeam "Forest Hall Juniors"]
[Result "0-1"]
[PlyCount "64"]

1. e4 c6 2. Nc3 d5 3. exd5 cxd5 4. Nf3 Nf6 5. Bb5+ Bd7 6. Bxd7+ Nbxd7 7. O-O e6 8. d3 a6 9. Bf4 Qb6 10. Kh1 Qxb2 11. Rb1 Qxc3 12. Qe1 Qxe1 13. Rfxe1 b5 14. Kg1 Bc5 15. Rf1 O-O 16. Rbe1 Rac8 17. Bg5 h6 18. Bf4 Rc6 19. Kh1 Ng4 20. Kg1 Bb6 21. Ne5 Ndxe5 22. Bxe5 Nxe5 23. Rxe5 Rxc2 24. Rfe1 Bxf2+ 25. Kf1 Bxe1 26. Kxe1 Rxg2 27. Kf1 Rxa2 28. Re1 Rc8 29. Kg1 Rcc2 30. Rf1 Rg2+ 31. Kh1 Rxh2+ 32. Kg1 Rag2# 0-1

[Event "4NCL Online Division 5"]
[Site "online"]
[Date "2021.04.20"]
[EventDate "2021.04.20"]
[Round "7.61"]
[White "Vaidya, Raghav"]
[WhiteElo "1818"]
[WhiteTeam "Barnet Knights B"]
[Black "Foster, Brian E"]
[BlackElo "1544"]
[BlackTeam "Uxbridge Cyclones"]
[Result "1-0"]
[PlyCount "187"]

1. c4 c5 2. g3 Nc6 3. Bg2 g6 4. Nc3 Bg7 5. Nf3 Nf6 6. d4 cxd4 7. Nxd4 O-O 8. O-O Nxd4 9. Qxd4 a6 10. b3 d6 11. Bb2 Nd7 12. Qd2 Nc5 13. Ne4 Nxe4 14. Bxe4 Qc7 15. Bxg7 Kxg7 16. Rfd1 Be6 17. Rac1 Rac8 18. Qd4+ Kg8 19. Qa7 Rb8 20. c5 Qa5 21. cxd6 exd6 22. Rc2 d5 23. Bf3 b5 24. Bxd5 Bxd5 25. Rxd5 Rbd8 26. Rd7 Rxd7 27. Qxd7 Rd8 28. Qe7 Rf8 29. b4 Qa4 30. Qc7 Qxb4 31. Qc3 Qb1+ 32. Kg2 Qd1 33. Rd2 Qa4 34. Qb3 Qa5 35. Rc2 Qb6 36. Qb4 a5 37. Qc5 Qb7+ 38. f3 Rb8 39. Rb2 Qa6 40. a3 Rb7 41. Qc8+ Kg7 42. Kf2 Qb6+ 43. Kg2 b4 44. axb4 axb4 45. Qc4 b3 46. Qc3+ Kg8 47. Qc8+ Kg7 48. Qc3+ f6 49. h4 h5 50. Qd3 Qb4 51. Kf2 Qa3 52. Qc3 Qa4 53. Kg2 Rb5 54. Qc7+ Kf8 55. Rd2 Re5 56. Rd8+ Re8 57. Qd6+ Kf7 58. Rd7+ Kg8 59. Qd5+ Kh8 60. Qf7 Rxe2+ 61. Kh3 Qxd7+ 62. Qxd7 b2 63. Qd1 Re8 64. Qb1 Rb8 65. g4 hxg4+ 66. Kxg4 Kg7 67. f4 Rb4 68. Kf3 Kh6 69. Ke3 Kg7 70. Kf3 Rb3+ 71. Ke2 Rb6 72. Kd2 Rd6+ 73. Kc3 Rc6+ 74. Kd4 Rb6 75. Kc5 Rb8 76. Kc6 Rb4 77. Kd6 Rb5 78. Ke6 Rb6+ 79. Kd5 Rb4 80. Ke6 Rb6+ 81. Kd5 Rb5+ 82. Kc4 Rb6 83. h5 gxh5 84. Qg1+ Kf7 85. Qxb6 Kg6 86. Qxb2 Kf5 87. Qf2 Ke4 88. Kc5 f5 89. Kd6 h4 90. Qxh4 Kf3 91. Ke5 Ke3 92. Kxf5 Kd3 93. Ke5 Kc3 94. f5 1-0

[Event "4NCL Online Division 5"]
[Site "online"]
[Date "2021.04.20"]
[EventDate "2021.04.20"]
[Round "7.62"]
[White "Selvaduarai, Karthisamy"]
[WhiteElo "1548"]
[WhiteTeam "Uxbridge Cyclones"]
[Black "Eedle, Eric F"]
[BlackElo "1825"]
[BlackTeam "Barnet Knights B"]
[Result "0-1"]
[PlyCount "44"]

1. e3 e5 2. b3 d5 3. Qh5 Nc6 4. Bb5 Bd6 5. Bb2 Nf6 6. Qg5 O-O 7. Bxc6 bxc6 8. Bxe5 Bxe5 9. Qxe5 Re8 10. Qg3 Ne4 11. Qf3 Ng5 12. Qd1 Qf6 13. c3 d4 14. cxd4 Qxd4 15. Nc3 Ba6 16. Nge2 Qg4 17. O-O Nf3+ 18. Kh1 Nxh2 19. Kxh2 Qh4+ 20. Kg1 Re6 21. Re1 Rh6 22. Ng3 Qh2# 0-1

[Event "4NCL Online Division 5"]
[Site "online"]
[Date "2021.04.20"]
[EventDate "2021.04.20"]
[Round "7.63"]
[White "Vyas, Alisha"]
[WhiteElo "1695"]
[WhiteTeam "Barnet Knights B"]
[Black "Foale, Ron"]
[BlackElo "1511"]
[BlackTeam "Uxbridge Cyclones"]
[Result "1-0"]
[PlyCount "53"]

1. e4 c5 2. c3 e5 3. d4 cxd4 4. cxd4 exd4 5. Qxd4 Nc6 6. Qd1 Bb4+ 7. Bd2 Qe7 8. Bd3 Nf6 9. Nf3 O-O 10. O-O Bc5 11. Nc3 a6 12. h3 Ne5 13. Bc2 Nc4 14. Bc1 d6 15. Bb3 Na5 16. Bg5 Nxb3 17. Qxb3 Be6 18. Qd1 h6 19. Bh4 Rfd8 20. Nd4 Bc4 21. Re1 Qe5 22. Nf3 Qe6 23. b3 Bb5 24. Nd5 Nxe4 25. Nc7 Nc3 26. Nxe6 Nxd1 27. Nxd8 1-0

[Event "4NCL Online Division 5"]
[Site "online"]
[Date "2021.04.20"]
[EventDate "2021.04.20"]
[Round "7.64"]
[White "Nandi, Asoke K"]
[WhiteElo "1481"]
[WhiteTeam "Uxbridge Cyclones"]
[Black "Sanfey, Gregor"]
[BlackElo "1677"]
[BlackTeam "Barnet Knights B"]
[Result "0-1"]
[PlyCount "56"]

1. e4 d6 2. d4 Nf6 3. Bd3 g6 4. Nf3 Bg7 5. c3 O-O 6. O-O c5 7. Bg5 Qc7 8. e5 Ne8 9. exd6 exd6 10. dxc5 dxc5 11. Nbd2 Be6 12. Qc2 Nc6 13. Bh4 Nd6 14. Bg3 f5 15. Ng5 Bd5 16. Bc4 Bxc4 17. Nxc4 f4 18. Nxd6 Qxd6 19. Rad1 Qe7 20. Qb3+ Kh8 21. Ne6 fxg3 22. Nxf8 gxh2+ 23. Kxh2 Rxf8 24. Kg1 Ne5 25. Rfe1 Qg5 26. Re3 Rxf2 27. Kxf2 Ng4+ 28. Kg1 Qxe3+ 0-1

[Event "4NCL Online Division 5"]
[Site "online"]
[Date "2021.04.20"]
[EventDate "2021.04.20"]
[Round "7.73"]
[White "Kirkman, Nigel J"]
[WhiteElo "1722"]
[WhiteTeam "Calstock Killers"]
[Black "Levy, Christopher A"]
[BlackElo "1844"]
[BlackTeam "Hackney Hackers"]
[Result "0-1"]
[PlyCount "46"]

1. d4 f5 2. Bg5 h6 3. Bh4 g5 4. e3 Nf6 5. Be2 Bg7 6. Bg3 d6 7. Bh5+ Kf8 8. Be2 Nc6 9. Nd2 e5 10. dxe5 dxe5 11. f4 Nd5 12. Nf1 Be6 13. c3 exf4 14. exf4 Nxc3 15. Qc2 Nb4 16. Qc1 Nbxa2 17. Qe3 Ne4 18. Rxa2 Bxa2 19. Qa3+ Qe7 20. Qxa2 Qb4+ 21. Kd1 Bxb2 22. Nf3 Rd8+ 23. Kc2 Qc3+ 0-1